000 01605nam a2200373 a 4500
001 000044642
003 DO-SdBNP
005 20171011114203.0
007 000044642
008 141210s2014 dr ac 000 0 spa d
020 _a9789945166316
040 _aBPMSU
_bspa
_cBPMSU
082 _2
_a972.93052
_bT266g
100 1 _aTejera, Eduardo J.
245 1 0 _aGobierno de Horacio Vásquez 1924-1930 :
_bdemocracia y desarrollo /
_cEduardo J. Tejera ; edición Luis Cunillera.
260 _aSanto Domingo :
_bBúho,
_c2014.
300 _a298 p. :
_bil., retrs. ;
_c23 cm.
500 _aIncluye referencias bibliográficas y notas al pie de las páginas
500 _aIncluye datos biográficos del autor en las solapas
500 _aIncluye índice onomástico
504 _aBibliografía : p. 277-288
505 0 _aSíntesis histórica --
_tGobierno de Horacio Vásquez --
_tPolítica económica y de desarollo --
_tReforma constitucional y reelección: hacia el desastre --
_tElecciones, traiciones y golpe de estado --
_tVásquez; legado y balance de una vida.
600 1 4 _aVÁSQUEZ, HORACIO
_d1860-1936
650 4 _aDEMOCRACIA
_zREPÚBLICA DOMINICANA
650 4 _aDESARROLLO ECONÓMICO
651 4 _aREPÚBLICA DOMINICANA
_xHISTORIA
_y1924-1930
651 4 _aREPÚBLICA DOMINICANA
_xCONDICIONES ECONÓMICAS
_xHISTORIA
_y1924-1930
651 4 _aREPÚBLICA DOMINICANA
_xPOLÍTICA Y GOBIERNO
_y1924-1930
700 1 2 _aCunillera, Luis
_eed.
910 _aValidado. Control de calidad MFF
942 _2ddc
_cBK
945 _aInventariado / 2017 VM
956 _aVMATEO
_b10
_c20150810
_lBPMSU
_h00151
999 _c8161
_d8161